| 000 | 00721nam a2200265 a 4500 | ||
|---|---|---|---|
| 999 |
_c10500 _d10500 |
||
| 001 | 10500 | ||
| 003 | BD-JhCC | ||
| 005 | 20180520105000.0 | ||
| 008 | 180430s1971 nbu |||| b||| 000 0 eng d | ||
| 020 | _a0822000730 | ||
| 035 | _a(BD-JhCC)10500 | ||
| 040 |
_aBD-JhCC _dBD-JhCC |
||
| 041 | _aeng | ||
| 082 |
_a822.33 _bHIL 1971 |
||
| 100 | _aHillegass, L. L., | ||
| 245 |
_aThe Tempest : _bNotes / _c L. L. Hillegass; James L. Roberts |
||
| 260 |
_aLincoln : _bCliff's Notes, _c1971 |
||
| 300 |
_a68 P. : _c21 cm. |
||
| 504 | _aIncludes Bibliographical Reference. | ||
| 600 | _aTempest (Shakespeare, William) | ||
| 650 | _aEnglish Fiction | ||
| 700 | _aRoberts, James L., | ||
| 942 |
_2ddc _cBK |
||